| 000 | 00581nam a22002297a 4500 | ||
|---|---|---|---|
| 999 |
_c10403 _d10403 |
||
| 001 | 10403 | ||
| 003 | BD-JhCC | ||
| 005 | 20180425113842.0 | ||
| 008 | 180425b20131985ii ||||| |||| 00| 0 eng d | ||
| 020 | _a9788182833043 | ||
| 035 | _a(BD-JhCC)10403 | ||
| 040 |
_aBD-JhCC _dBD-JhCC |
||
| 041 | _aeng | ||
| 082 |
_a660 _bSAR 2013 |
||
| 100 | _aSharma, B. K. | ||
| 245 |
_aIndustrial Chemistry / _cB. K. Sharma |
||
| 260 |
_aNew Dhile : _bGoel Publishing House, _c2013. |
||
| 300 |
_a1760 p. : _c25 cm. |
||
| 650 | _aChemical Engineering | ||
| 942 |
_2ddc _cREF |
||